LEADER 01337nam a2200253 i 4500 001 000000342314 003 CaOOAMICUS 005 20200928120257.0 008 200928s2001 it a m u001 u ita u 013 $a151555 040 $aSeMil$bita 100 1 $aToffolo, Stefania.$0(OLS)http://semarc/name/112199 245 11$a"This letter will tell you more" :$bla funzione della lettera nella commedia di Shakespeare /$cTesi di laurea di : Stefania Toffolo, matr. n. 503661 ; Relatore : Chiar.ma prof. A. Anzi. 260 $aMilano :$b[s.n.],$c2001. 300 $a244 p. :$bill. ;$c30 cm 500 $aIn testa al front. : Universitą degli Studi di Milano, Facoltą di Lettere e Filosofia, Corso di Laurea in Lingue e Letterature Straniere. - Ai pič del front : A.A. 2000/2001 650 4$aShakespeare, William <1564-1616> - Opere - Studi.$0(OLS)http://semarc/subject/2193 650 4$aTesi di laurea.$0(OLS)http://semarc/subject/1690 700 1 $aAnzi, A.$0(OLS)http://semarc/name/112200 850 $aSeMil 852 $aSeMil$W1$xVenegono$y1$m4X V 48$j221615$B233284$CSeMilBibl$Z2$F233284 $8L 996 $6245$a"This letter will tell you more" :$bla funzione della lettera nella commedia di Shakespeare$9(OLS)http://semarc/title/431162 996 $6260$aMilano :$b[s.n.]$9(OLS)http://semarc/publisher/29709 LEADER 01062nam a2200205 i 4500 001 000000004681 003 CaOOAMICUS 005 20250919134554.0 008 180830s1862 it u000 u ita u 040 $aSeMil$bita 100 1 $aCantł, Cesare,$c<1804-1895>.$0(OLS)http://semarc/name/2844 245 10$aDocumenti alla storia universale /$cdi Cesare Cantł. 260 $aTorino :$bUnione Tipografico-Editrice,$c1862. 300 $av. ;$c25 cm. 774 0 $aCantł, Cesare <1804-1895>$tGeografia politica.$b8. ed. torinese / riv. dall'autore.$g8$w()49741 774 0 $aCantł, Cesare <1804-1895>$tBiografie.$b8. ed. torinese / riv. dall'autore.$g9$w()49742 780 00$aCantł, Cesare <1804-1895>$tStoria universale.$b10. ed. torinese / interamente riv. dall'A. e portata sino agli ultimi eventi.$dTorino : Unione Tipografico-Editrice, 1884-1890.$w()25811 996 $6245$aDocumenti alla storia universale$9(OLS)http://semarc/title/6802 996 $6260$aTorino :$bUnione Tipografico-Editrice$9(OLS)http://semarc/publisher/30119